[Event "GER-chT Federal Cup (Women)"]
[Site "Braunfels"]
[Date "2015.06.05"]
[Round "3.8"]
[White "Landenberger, Anja Kathrin"]
[Black "Stockdreher, Diana"]
[Result "0-1"]
[WhiteElo "1564"]
[BlackElo "1500"]
[PlyCount "44"]
[EventDate "2015.06.04"]
[EventType "team-swiss"]
[EventRounds "5"]
[EventCountry "GER"]
[SourceTitle "CBM 167 Extra"]
[Source "ChessBase"]
[SourceDate "2015.09.14"]
[SourceVersion "1"]
[SourceVersionDate "2015.09.14"]
[SourceQuality "1"]
[WhiteTeam "Baden (W)"]
[BlackTeam "Sachsen (W)"]
[WhiteTeamCountry "GER"]
[BlackTeamCountry "GER"]

1. d4 b6 2. Nf3 Bb7 3. Bf4 Nf6 4. h3 e6 5. e3 Bd6 6. Ne5 Nc6 7. Nd2 Ne7 8. Bd3 a5 9. 0-0 Ra7 10. Be2 Ng6 11. Nxg6 hxg6 12. Bxd6 cxd6 13. Bf3 b5 14. c4 b4 15. Bxb7 Rxb7 16. Qf3 Rb8 17. Rfc1 Rh6 18. c5 d5 19. c6 Rc8 20. cxd7+ Kxd7 21. e4 Ke7 22. Qd3 Rh8 0-1